[Event "Port of Spain op 44th"]
[Site "Port of Spain"]
[Date "2017.05.11"]
[Round "4"]
[White "Casares Sanchez, Marcos Antonio"]
[Black "Martin, David"]
[Result "1-0"]
[WhiteElo "1724"]
[BlackElo "1595"]
[PlyCount "55"]
[EventDate "2017.04.20"]
[EventType "swiss"]
[EventRounds "7"]
[EventCountry "TRI"]
[SourceTitle "EXT 2018"]
[Source "ChessBase"]
[SourceDate "2017.10.13"]
[SourceVersion "1"]
[SourceVersionDate "2017.10.13"]
[SourceQuality "1"]

1. d4 d6 2. c4 Nf6 3. Nc3 Bf5 4. Nf3 Bg6 5. g3 Nc6 6. Qa4 Qd7 7. Bg2 h6 8. 0-0 e6 9. Re1 Be7 10. e4 0-0 11. e5 Ne8 12. Be3 d5 13. cxd5 exd5 14. Nd2 f6 15. Bxd5+ Kh7 16. e6 Qd8 17. Bxc6 bxc6 18. Nc4 Nd6 19. Qxc6 Nxc4 20. Qxc4 Rb8 21. b3 Rb7 22. Nd5 Be4 23. Nxe7 Qxe7 24. d5 Rb4 25. Bc5 Rxc4 26. Bxe7 Re8 27. bxc4 Rxe7 28. Rxe4 1-0

[Event "Port of Spain op 44th"]
[Site "Port of Spain"]
[Date "2017.04.20"]
[Round "1"]
[White "Casares Sanchez, Marcos Antonio"]
[Black "Harper, Ryan"]
[Result "0-1"]
[WhiteElo "1724"]
[BlackElo "2209"]
[PlyCount "22"]
[EventDate "2017.04.20"]
[EventType "swiss"]
[EventRounds "7"]
[EventCountry "TRI"]
[SourceTitle "EXT 2018"]
[Source "ChessBase"]
[SourceDate "2017.10.13"]
[SourceVersion "1"]
[SourceVersionDate "2017.10.13"]
[SourceQuality "1"]

1. d4 d5 2. c4 c6 3. cxd5 cxd5 4. Nc3 e5 5. dxe5 d4 6. Ne4 Qa5+ 7. Nd2 Nc6 8. Ngf3 Bg4 9. Qb3 Bb4 10. a3 Nge7 11. Rb1 Bf5 0-1